00716nam a22002417a 450000500170000001000130001702000110003003500130004103700170005404000120007108200160008310000250009924501140012425000160023826000430025427000470029730000250034449000230036950000230039265000220041565000140043770000230045120170124110220.0 aB-083123 c275.00 aB-083123 bCen Lib/ Ret aDPLbEN a336.24bSIN aSinghania, Vinod K.  aStudents' guide to income tax :cby Vinod K. Singhania [and] Monica Singhania bincluding central sales tax / a31 rev. ed  aNew Delhi bTaxman Publications c1982 bNew Delhi a59/32, new rohtak roade110005 axv, 1077p.c23cm(Hb) a490-Taxman series  aIncludes appendix  aLaw xIncome tax  aSales tax aSinghania, Monica